00317nam a2200097Ia 4500008004100000020001800041100002300059245007300082260004500155300001900200180205s9999 xx 000 0 und d a9789712724923 aDiaz, Christine L. aWorld history: New prespective :bThe renaissance to the global wars aMandaluyong CitybAnvil publishingc2011 avii, 184 pages